000
00333 a2200157 4500
001
61147
020
_a
9788592820000
040
_c
Anchieta - Pituba
100
_a
Santos, João Bosco Soares dos
240
1
0
_a
Cantares
_l
por
245
1
0
_a
Cantares
300
_a
140
362
0
_a
2008
650
4
_a
Poesia brasileira
942
_c
BK
999
_c
61147
_d
61147